LEADER 00821cam0-2200289---450- 001 990004694860403321 005 20160526095827.0 035 $a000469486 035 $aFED01000469486 035 $a(Aleph)000469486FED01 035 $a000469486 100 $a19990604d1969----km-y0itay50------ba 101 0 $aeng 102 $aGB 105 $ay-------001yy 200 1 $aRoman declamation in the late republic and early empire$fby S.F.Bonner 210 $aLiverpool$cUniversity Press$d1969 215 $a177 p.$d22 cm 610 0 $aRetorica$aAntichitą classica 676 $a875$v22$zita 700 1$aBonner,$bStanley Frederick$0291606 801 0$aIT$bUNINA$gRICA$2UNIMARC 901 $aBK 912 $a990004694860403321 952 $aP2B-270-BONNER-1969$bIst.fil.cl.7959$fFLFBC 959 $aFLFBC 997 $aUNINA LEADER 03895nam 2200673I 450 001 9910461713303321 005 20181122172232.0 010 $a0-429-47370-2 010 $a1-283-24902-2 010 $a9786613249029 010 $a1-84940-445-3 035 $a(CKB)2670000000113466 035 $a(EBL)764889 035 $a(OCoLC)748241983 035 $a(SSID)ssj0000529070 035 $a(PQKBManifestationID)12149565 035 $a(PQKBTitleCode)TC0000529070 035 $a(PQKBWorkID)10549525 035 $a(PQKB)10885748 035 $a(MiAaPQ)EBC764889 035 $a(Au-PeEL)EBL764889 035 $a(CaPaEBR)ebr10495855 035 $a(CaONFJC)MIL324902 035 $a(OCoLC)759160079 035 $a(FlBoTFG)9780429473708 035 $a(EXLCZ)992670000000113466 100 $a20181122h20182004 uy 0 101 0 $aeng 135 $aur||| ||||| 181 $ctxt 182 $cc 183 $acr 200 10$aDialogues on Sexuality, Gender and Psychoanalysis /$fby Irene Matthis 205 $aFirst edition. 210 1$aBoca Raton, FL :$cRoutledge,$d[2018]. 210 4$d©2004. 215 $a1 online resource (239 p.) 300 $aDescription based upon print version of record. 311 $a0-367-10546-2 311 $a1-85575-350-2 320 $aIncludes bibliographical references and index. 327 $aCOVER; EDITOR AND CONTRIBUTORS; PREFACE; CHAPTER ONE: Dialogues on sexuality and gender; CHAPTER TWO: Freud and female sexualities; CHAPTER THREE: Some observations on female sexuality; CHAPTER FOUR: Phallacies of binary reasoning: drive beyond gender; CHAPTER FIVE: The difference between gender and sexual difference; CHAPTER SIX: Gender and sexual difference; CHAPTER SEVEN: From femininity to finitude: Freud, Lacan, and feminism, again; CHAPTER EIGHT: Femininity theory, theories of women,or feminist theory? 327 $aCHAPTER NINE: Revisiting the riddle of sex:an intersubjective view of masculinity and femininity CHAPTER TEN: The economy of freedom; CHAPTER ELEVEN: Beyond sexual difference:clinical individuality and same-sex cross-generation relations in the creation of feminine and masculine; INDEX 330 3 $a'There are more questions than answers in this book - questions that are important and will continue to intrigue us. This book will be needed to remind us of the different opinions and to help us create tomorrow's theories. Human experience cannot be reduced to sexuality, but there is sexuality in everything human.'- From the Introduction A challenging exploration of contemporary theories on femininity with cutting-edge papers from leading analysts, this volume presents a thought-provoking dialogue on femininity, sexuality, gender and masculinity. These key issues are analysed and discussed in new and stimulating ways, whilst familiar concepts are dissected and dismantled to bring forward fresh ideas. The diversity and developments currently advancing studies on femininity towards new understandings are shown clearly throughout.This rich and inspiring collection of papers grew from the "Sexuality and Gender" conference held in Sweden in 2002, organised by the Committee on Women and Psychoanalysis. The conference was created with the conscious intent of bringing different ideas to bear upon each other in order to promote further research into this vital area. 606 $aSex differences (Psychology) 606 $aFemininity 606 $aPsychoanalysis and feminism 608 $aElectronic books. 615 0$aSex differences (Psychology) 615 0$aFemininity. 615 0$aPsychoanalysis and feminism. 676 $a155.3/3 700 $aMatthis$b Irene$0914866 801 0$bFlBoTFG 801 1$bFlBoTFG 906 $aBOOK 912 $a9910461713303321 996 $aDialogues on Sexuality, Gender and Psychoanalysis$92050175 997 $aUNINA LEADER 01398nam 2200361Ia 450 001 996392458703316 005 20221108034310.0 035 $a(CKB)3360000000358712 035 $a(EEBO)2240880293 035 $a(OCoLC)226318255 035 $a(EXLCZ)993360000000358712 100 $a20080428d1682 uy 0 101 0 $alat 135 $aurbn||||a|bb| 200 10$aDissertatio medica de nutritione foetus$b[electronic resource] $eQuam favente divino numine ex consensu magnifici d. rectoris sub praesidio viri clarissimi & exercitatissimi, D. D. Caroli Drelincurtii ... publico examini proponet autor & respondent Thomas Kennedus, Scotus. Ad diem 15 Iulii, loco horisque solitis 210 $aLugduni Batavorum, $cApud Abrahamum Elzevier, academiae typograph.$dM DC LXXXII. [1682] 215 $a[16] p 300 $aReproduction of original in the British Library. 330 $aeebo-0018 606 $aEmbryology, Human$vEarly works to 1800 606 $aFetus$vEarly works to 1800 606 $aNutrition$vEarly works to 1800 615 0$aEmbryology, Human 615 0$aFetus 615 0$aNutrition 700 $aKennedy$b Thomas$ffl. 1682.$01017290 701 $aDrelincourt$b Charles$f1633-1697.$01017291 801 0$bUMI 801 1$bUMI 906 $aBOOK 912 $a996392458703316 996 $aDissertatio medica de nutritione foetus$92385335 997 $aUNISA